A study to measure the effectiveness of Brazilian' s government's currency restraint on the outflow of tourists from Brazil

Αποθηκεύτηκε σε:
Λεπτομέρειες βιβλιογραφικής εγγραφής
Κύριος συγγραφέας: Havas, Francisco I.
Μορφή: Βιβλίο
Γλώσσα:English
Δημοσίευση: Paris : Centre des hautes etudes touristiques, 1979
Σειρά:Cahiers du tourisme. Serie C ; ; 50
Θέματα:
Ετικέτες: Προσθήκη ετικέτας
Δεν υπάρχουν, Καταχωρήστε ετικέτα πρώτοι!

MARC

LEADER 00000nam a2200000 i 4500
001 1/19016
008 960621s1979 eng d
035 |l 10021121 
040 |a GR-MY-UA  |b gre  |e aacr 
041 0 |a eng 
082 0 |a 338.4791 
100 1 |a Havas, Francisco I. 
245 1 2 |a A study to measure the effectiveness of Brazilian' s government's currency restraint on the outflow of tourists from Brazil /  |c Francisco I.Havas 
260 |a Paris :   |b Centre des hautes etudes touristiques,   |c 1979 
300 |a 54 p. 
490 1 |a Cahiers du tourisme. Serie C  |v ; 50 
500 |a Includes bibliography 
650 0 0 |a Tourism. 
830 0 |a Cahiers du tourisme. Serie C ;  |v ; 50 
852 |a INST  |b CHIOS  |e 19960621  |h 338.4791 HAV  |p 005200007592  |q 005200007592  |t BK  |y 0 
909 |a Χ  |b 032538